00753nam a2200181 a 4500008004100000020001500041050001500056100001800071245002900089260003400118300002100152350000900173650001300182650001900195995017000214995017000384999001700554120416s1996 ||||||||||||||||| || u a1872748694 aQH 431 Str aStrachan, Tom10aHuman molecular genetics aOxfordbBIOS Scientificc1996 axiv, 611p.: ill. a0.00 0aGENETICS aHUMAN GENETICS aMEDICAL LIBRARY OPEN ACCESSD0.00e731700FCBU-SCHOOL OF MEDICINE LIBRARY (Ndola)H1I40.00jQH 431 StrM1UAVAILABLEy029403ZMedical Library Open Access Collection aMEDICAL LIBRARY OPEN ACCESSD0.00e731699FCBU-SCHOOL OF MEDICINE LIBRARY (Ndola)H2I40.00jQH 431 StrM2UAVAILABLEy029402ZMedical Library Open Access Collection c64174d64174